000 00875nmm a2200265 a 4500
001 ocm000598280
003 TR-IsHL
005 20201028125648.0
008 110704s2011 tu tur
007 cr cn
020 _a9789944491839
035 _a598280
_b(N$T)
050 0 4 _aPL248.B34
_bM8 2011
090 0 4 _aPL248.B34
_bM8 2011
100 1 _aBahadıroğlu, Yavuz
245 1 0 _aMuhteşem Kanuni Sultan Süleyman: altın çağ ve Hürrem Sultan
_h[electronic resource] /
_cYavuz Bahadıroğlu
260 _aİstanbul :
_bParadoks Kitap,
_c2011
300 _a328 p.
650 4 _aDil ve Edebiyat
650 4 _aLanguage and Literature
650 0 _aTürk romanı
650 0 _aTurkish fiction
650 7 _aLITERARY COLLECTIONS / Middle Eastern
_2bisacsh
856 4 0 _uhttp://search.ebscohost.com/login.aspx?direct=true&scope=site&db=e011xww&AN=598280
999 _c3600
_d3600